000 00626nam a2200229Ia 4500
003 OSt
005 20220924125120.0
006 a|||||r|||| 00| 0
007 ta
008 220923b |||||||| |||| 00| 0 san d
024 _a247215
037 _cTextual
040 _aARTS
_cARTS
_bsan
041 _2san
_asan
082 _aO15,1:g, 152L2
100 _aMishar Shobhakant
_9197577
245 0 _aKavyaguno ka shastriye virechan
260 _aPatna
_bVihar Hindi India
_c1972
650 _aSANSKRIT LITERATURE
942 _hO15,1:g, 152L2
_cTEXL
_2CC
999 _c421786
_d421786